00772nam a2200169 a 450000500170000000800410001702000180005805000240007610000200010024501090012025000120022926000380024130000230027952001680030265000750047065000570054520140412111319.0000816s19uu xx 00 eng d a0-8234-0965-1 aM 610.73bA237 1992 aAdler, David A. aA picture book of Florence Nightingale /cby David A. Adler; illustrated by John and Alexandra Wallner. a1st Ed. aNew York :bHoliday House,c1992. a1 v. (unp.) ; ill. aTraces the life of the nineteenth-century English woman who followed her calling to work in hospitals and improve the conditions under which the sick were treated. aNightingale, Florence, 1820-1910xPictorial worksxJuvenile literature aNurses - EnglandxBiographyxPictorial worksxNurses